Možnosti merania vplyvu univerzity na regionálnu ekonomiku

Efekty univerzity na región v ktorom pôsobí (krátkodobé a dlhodobé efekty). Možnosti merania vplyvu univerzity na región v ktorom pôsobí.

Salvato in:
Dettagli Bibliografici
Autore principale: Výrostová, Eva
Altri autori: Výrost, Tomáš, 1978-
Natura: Capitolo di libro
Lingua:slovacco
Soggetti:
Tags: Aggiungi Tag
Nessun Tag, puoi essere il primo ad aggiungerne!!

MARC

LEADER 00000naa$a2200000$$$4500
001 0120268
005 20240613070332.1
041 0 |a slo 
044 |a SK 
245 1 0 |a Možnosti merania vplyvu univerzity na regionálnu ekonomiku  |c Eva Výrostová, Tomáš Výrost 
520 |a Efekty univerzity na región v ktorom pôsobí (krátkodobé a dlhodobé efekty). Možnosti merania vplyvu univerzity na región v ktorom pôsobí. 
610 2 0 |a univerzity 
610 2 0 |a regióny 
610 2 0 |a rozvoj regionálny 
100 1 |a Výrostová, Eva 
700 1 |a Výrost, Tomáš, 1978-